000
00356nam a2200157Ia 4500
003
OSt
005
20240117122132.0
008
170524s9999 xx 000 0 und d
020
_a
8121926114
040
_c
IIMT UNIVERSITY
100
_a
Subrahmanyan-N
245
0
_a
TEXT BOOK OF OPTICS
260
_b
New Delhi S Chand
260
_c
2008
942
_2
ddc
_c
02
999
_c
4630
_d
4630